Capitals Without the Letters of “Lisbon" - Statistics

General Stats
  • This quiz has been taken 5 times
  • The average score is 3 of 8
Answer Stats
Continents Capitals % Correct
Africa Accra
75%
Europe Vaduz
75%
Europe Prague
50%
Africa Dakar
25%
Asia Dhaka
25%
Africa Harare
25%
Asia Jakarta
25%
Europe Reykjavik
25%
No matching quizzes found
Score Distribution
Percent of People with Each Score
Percentile by Number Answered
Your Score History
You have not taken this quiz